| 000 | 00671nam a2200205 a 4500 | ||
|---|---|---|---|
| 001 | BRCA_2548 | ||
| 005 | 20190320203847.0 | ||
| 008 | 261108s1908----paua---###---#000-0#eng-u | ||
| 050 | 4 |
_aNK4320.M5 _b.B37 1908 |
|
| 100 | 1 |
_aBarber, Edwin Atlee _d1851-1916 _97296 |
|
| 245 | 1 | 0 |
_aThe maiolica of México _cby Edwin Atlee Barber. |
| 260 |
_aPhiladelphia, Pensilvania _bPennsylvania Museum and School of Industrial Art _c1908 |
||
| 300 |
_a115 p. _bil. _c23 cm. |
||
| 440 | 0 |
_aArt handbook of the Pennsylvania Museum and School of Industrial Art _97297 |
|
| 500 | _aA31 | ||
| 650 | 1 | 4 |
_aMayolica _97298 |
| 650 | 1 | 4 |
_aCerámica _zMéxico _94783 |
| 902 | _aGFM | ||
| 942 |
_2lcc _cB |
||
| 999 |
_c2288 _d2288 |
||